000 00467nam a2200193Ia 4500
003 OSt
005 20220926035259.0
006 a|||||r|||| 00| 0
007 ta
008 220923b |||||||| |||| 00| 0 eng d
037 _cGeneral Book
040 _aRTL
_cRTL
_beng
041 _2eng
_aeng
082 _aX, G11
100 _aWithers H
_9342091
245 0 _aEverybody's business
942 _hX, G11
_cGB
_2CC
999 _c661771
_d661771